12 signes astrologiques et leur date (mort subite) - Statistiques

Statistiques générales
  • Ce quiz a été pris 731 fois
  • Le résultat moyen est 5 sur 10
Answers on the Grid
Answers color-coded by a green-red scale on the quiz's grid according to % correct below.
Bélier/1er avril
Balance/13 octobre
Sagittaire/2 décembre
Gémeaux/18 juin
Morue/31 avril
Vierge/31 septembre
Capricorne/1er janvier
Taureau/8 mai
Verseau/14 février
Poissons/30 février
Lion/15 août
Scorpion/1er novembre
Cancer/14 juillet
Raie/31 juin
 
Statistiques - réponses
Réponse % Correct
Bélier/1er avril
65%
Balance/13 octobre
63%
Sagittaire/2 décembre
60%
Gémeaux/18 juin
56%
Lion/15 août
53%
Taureau/8 mai
53%
Capricorne/1er janvier
50%
Scorpion/1er novembre
49%
Cancer/14 juillet
47%
Verseau/14 février
47%
Aucun quiz correspondant
Distribution des résultats
% des personnes avec chaque résultat
Percentile par nombre de réponses
Votre historique - résultats
Vous n’avez pas pris ce quiz